01531cam a2200265Ia 450000500170000000800410001702000180005804000500007604100080012624500970013426000950023130000170032649000310034349000620037450504580043660000470089460000480094165000340098965000380102365100340106170000200109570000430111570000400115871000670119820140905105846.0140527s2010 ck gr 000 0 spa d a9789587195279 aCO-BoUCMbspacJose A. GerenadJose A. Gerena0 aspa00aPerfiles del LibertadorcPeru de Lacroix... [y otros] ; compilado por Rubén Sierra Mejía aBogotá (Colombia)bUniversidad Nacional de Colombia, Facultad de Ciencias Humanasc2010. a99 páginas1 aBiblioteca bicentenariov81 aConmemoración de la independencia de Colombia 1810-20100 aDiario de Bucaramanga, 1828 (fragmentos) / Peru de Lacroix -- Un rasgo de Bolívar en campaña (fragmento) / Hiram Paulding -- Bolívar dicta su correspondencia / Daniel F. O'Leary -- Bolívar descubre su asesino / Manuel Antonio López -- Bolívar en Pativilca / Joaquín Mosquera -- La noche septembrina / Manuela Sáenz -- Hacia el destierro / Joaquín Posada Gutiérrez -- Los últimos días de Bolívar / Alejandro Próspero Reverend.10aBolívar, Simónd1783-1830vAnécdotas10aBolívar, Simónd1783-1830vBiografías 7aHistoriaySiglo XIXzColombia 7aIndependenciaxHistoriazColombia 4aColombiaxHistoriaySiglo XIX1 aPaulding, Hiram1 aPeru de Lacroix, L.q(Luis)d1780-18371 aSierra Mejía, Rubénecompilador1 aUniversidad Nacional de ColombiabFacultad de Ciencias Humanas